000 00246nam a22000857a 4500
008 160718b xxu||||| |||| 00| 0 eng d
100 _92974
_a Mulgaokar, K
245 _aMore Tales from the Arabian Nights
260 _aNew Delhi
_bOrient Publication
_c2004
999 _c2537
_d2537